| 000 | 00470nam a2200181 a 4500 | ||
|---|---|---|---|
| 001 | 2886 | ||
| 003 | CDMR | ||
| 005 | 20131213133216.0 | ||
| 008 | 130130s1987||||||||||||||||||||||||||||d | ||
| 020 | _a8426423533 | ||
| 040 |
_aCDMR _bcat _cCDMR |
||
| 100 | 1 |
_aAlas, Leopoldo _92113 |
|
| 245 | 1 | 0 |
_aMezclilla _cLeopoldo Alas "Clarín" ; prólogo de Antonio vilanova |
| 260 |
_aBarcelona _c1987 _bLumen |
||
| 300 | _a328 p. | ||
| 490 | 0 |
_aPalabra Crítica _v3 |
|
| 942 |
_cMON _2udc |
||
| 999 |
_c2886 _d2886 |
||